[Event "World Cup"]
[Site "Khanty-Mansiysk RUS"]
[Date "2019.09.11"]
[EventDate "2019.09.10"]
[Round "1.2"]
[Result "1-0"]
[White "Rinat Jumabayev"]
[Black "Ferenc Berkes"]
[WhiteElo "2630"]
[BlackElo "2666"]
[PlyCount "95"]

1. d4 d6 2. Nf3 Nf6 3. c4 g6 4. g3 Bg7 5. Bg2 O-O 6. Nc3 c6
7. O-O Bf5 8. Ng5 e5 9. d5 a5 10. e4 Bg4 11. Qb3 Na6 12. Be3
cxd5 13. cxd5 Nd7 14. Ne6 fxe6 15. dxe6 Nac5 16. e7+ Nxb3
17. exd8=Q Rfxd8 18. axb3 Nc5 19. Bg5 Rf8 20. Ra3 Be6 21. Rd1
Nxb3 22. Rxd6 Nd4 23. Rb6 Rf7 24. Nb5 Nc6 25. Rd3 Bf8 26. Be3
a4 27. Bf1 Ra6 28. Rxa6 bxa6 29. Rc3 Nb4 30. Nc7 Bb3 31. Nxa6
Nc2 32. Bc5 Nd4 33. Kg2 Kg7 34. Bc4 Rf6 35. Bxf8+ Rxf8
36. Bxb3 axb3 37. Nc5 Rb8 38. Nd3 Kf6 39. Rc5 Re8 40. Rd5 Nc2
41. Kf1 g5 42. Nc5 g4 43. Nd7+ Ke6 44. Nxe5 Rc8 45. Nxg4 Rc4
46. f3 h5 47. Rxh5 Nd4 48. Re5+ 1-0

[Event "World Cup"]
[Site "Khanty-Mansiysk RUS"]
[Date "2019.09.11"]
[EventDate "2019.09.10"]
[Round "1.2"]
[Result "1/2-1/2"]
[White "Liviu Dieter Nisipeanu"]
[Black "Mircea-Emilian Parligras"]
[WhiteElo "2656"]
[BlackElo "2629"]
[PlyCount "81"]

1. e4 e5 2. Nf3 Nc6 3. d4 exd4 4. Nxd4 Nf6 5. Nxc6 bxc6 6. Bd3
d5 7. exd5 cxd5 8. O-O Be7 9. c4 O-O 10. cxd5 Bb7 11. Nc3 Nxd5
12. Bd2 Nxc3 13. Bxc3 Qd5 14. Qg4 Qg5 15. Qxg5 Bxg5 16. Rfe1
Rfe8 17. Bc4 Bf4 18. Rad1 Bd6 19. Bd5 Rxe1+ 20. Bxe1 Rb8
21. Bc3 Kf8 22. h4 a6 23. Bc4 Re8 24. Re1 Rxe1+ 25. Bxe1 Be5
26. b3 Bd4 27. Kf1 h5 28. Ba5 Be5 29. g3 g6 30. Ke2 Bd6
31. Bc3 Ke7 32. Ke3 Bc5+ 33. Ke2 Bd6 34. b4 Bc8 35. a3 c6
36. Bd2 Be5 37. Kd1 Bc7 38. Kc2 Bf5+ 39. Kc3 Be5+ 40. Kb3 Be6
41. Bxe6 1/2-1/2

[Event "World Cup"]
[Site "Khanty-Mansiysk RUS"]
[Date "2019.09.11"]
[EventDate "2019.09.10"]
[Round "1.2"]
[Result "1/2-1/2"]
[White "Aryan Tari"]
[Black "Samuel Sevian"]
[WhiteElo "2630"]
[BlackElo "2654"]
[PlyCount "78"]

1. Nf3 d5 2. e3 Nf6 3. c4 c6 4. Nc3 Nbd7 5. cxd5 cxd5 6. Qc2
a6 7. g4 h6 8. d4 e6 9. g5 hxg5 10. Nxg5 Qc7 11. f4 b5 12. Bd3
Rh6 13. Bd2 Nb6 14. b3 Bd7 15. Nd1 Qxc2 16. Bxc2 Rc8 17. Bd3
Bc6 18. O-O Bd6 19. Nf2 Ke7 20. Ba5 Nbd7 21. Rfc1 Rhh8 22. a4
Nb8 23. Bd2 Nfd7 24. e4 dxe4 25. Nfxe4 Bxe4 26. Nxe4 Rxc1+
27. Rxc1 Rh3 28. Ng3 Rh4 29. axb5 axb5 30. Rc8 Nb6 31. Rg8
N8d7 32. Bxb5 Bxf4 33. Bb4+ Bd6 34. Bxd6+ Kxd6 35. Rxg7 Rxd4
36. Rxf7 Rb4 37. Be2 Nc5 38. Kf2 Nxb3 39. Bf3 Nc5 1/2-1/2

[Event "World Cup"]
[Site "Khanty-Mansiysk RUS"]
[Date "2019.09.11"]
[EventDate "2019.09.10"]
[Round "1.2"]
[Result "1/2-1/2"]
[White "Baskaran Adhiban"]
[Black "Eduardo Patricio Iturrizaga Bonelli"]
[WhiteElo "2639"]
[BlackElo "2626"]
[PlyCount "72"]

1. d4 Nf6 2. c4 e6 3. Nc3 Bb4 4. e3 O-O 5. Bd2 d6 6. Bd3 e5
7. Nge2 Re8 8. O-O Nbd7 9. a3 Bxc3 10. Nxc3 Nf8 11. Qc2 Bg4
12. Ne4 c6 13. Nxf6+ Qxf6 14. Bc3 Qh6 15. Rae1 Bh5 16. f3 f6
17. d5 Bf7 18. e4 g5 19. Rf2 Ng6 20. g3 Rec8 21. Qd2 Qh3
22. Bf1 Qd7 23. Rd1 cxd5 24. cxd5 Be8 25. Rc1 Qe7 26. b3 Qc7
27. Qe3 Bd7 28. Rfc2 Qd8 29. Bb4 Rxc2 30. Rxc2 Be8 31. a4 Ne7
32. a5 Rc8 33. Rxc8 Nxc8 34. f4 Bd7 35. fxg5 fxg5 36. Bd2 g4
1/2-1/2

[Event "World Cup"]
[Site "Khanty-Mansiysk RUS"]
[Date "2019.09.11"]
[EventDate "2019.09.10"]
[Round "1.2"]
[Result "1/2-1/2"]
[White "Ahmed Adly"]
[Black "Ivan Cheparinov"]
[WhiteElo "2636"]
[BlackElo "2670"]
[PlyCount "109"]

1. d4 Nf6 2. c4 g6 3. g3 c6 4. Bg2 d5 5. Qa4 Bg7 6. cxd5 Nxd5
7. Nf3 Bg4 8. Nbd2 Nb6 9. Qc2 O-O 10. e3 Na6 11. h3 Be6
12. O-O Qc8 13. Kh2 c5 14. Qe4 cxd4 15. exd4 Nb4 16. b3 h6
17. Ba3 Nc6 18. Rac1 Qd8 19. Rfd1 Bd5 20. Qe3 a5 21. Nc4 Rc8
22. Qe1 a4 23. Bc5 Nxc4 24. bxc4 Bxf3 25. Bxf3 Nxd4 26. Bxd4
Bxd4 27. Bxb7 Rc7 28. Bd5 e5 29. Rd3 Qd6 30. Rb1 Kg7 31. Kg2
Ra7 32. Rdd1 Rc8 33. Qe4 f5 34. Qe2 h5 35. Rb5 h4 36. Rd3 Qf6
37. Qd1 hxg3 38. Rxg3 Qh4 39. Qf3 e4 40. Qe2 Re7 41. Qd2 Be5
42. Ra3 Bf4 43. Qd4+ Kh6 44. Kf1 Qg5 45. Rb1 e3 46. Re1 Rce8
47. h4 Qg4 48. fxe3 Qg3 49. Qb2 Bxe3 50. Qg2 Qxh4 51. Qh1
Qxh1+ 52. Bxh1 Bc5 53. Rxe7 Rxe7 54. Rxa4 Ra7 55. Rxa7 1/2-1/2

[Event "World Cup"]
[Site "Khanty-Mansiysk RUS"]
[Date "2019.09.11"]
[EventDate "2019.09.10"]
[Round "1.2"]
[Result "1/2-1/2"]
[White "Sanan Sjugirov"]
[Black "Sandro Mareco"]
[WhiteElo "2662"]
[BlackElo "2633"]
[PlyCount "68"]

1. d4 Nf6 2. c4 e6 3. Nf3 b6 4. g3 Ba6 5. b3 Bb4+ 6. Bd2 Be7
7. Nc3 d5 8. cxd5 exd5 9. Bg2 O-O 10. O-O Re8 11. a3 Nbd7
12. b4 Bd6 13. Re1 Bb7 14. Qb3 Qe7 15. Bf4 a6 16. e3 h6
17. Rec1 c6 18. Bxd6 Qxd6 19. Ne1 Re7 20. Nd3 h5 21. h4 Rae8
22. a4 Ng4 23. Nf4 Nxe3 24. fxe3 Rxe3 25. Qd1 Qxb4 26. Qd2 g6
27. Rab1 Qe7 28. Kf2 g5 29. hxg5 Qxg5 30. Bf3 Nf6 31. Re1 Rxe1
32. Rxe1 Rxe1 33. Qxe1 h4 34. Qg1 Kf8 1/2-1/2

[Event "World Cup"]
[Site "Khanty-Mansiysk RUS"]
[Date "2019.09.11"]
[EventDate "2019.09.10"]
[Round "1.2"]
[Result "1/2-1/2"]
[White "Benjamin Bok"]
[Black "Ivan Saric"]
[WhiteElo "2640"]
[BlackElo "2667"]
[PlyCount "60"]

1. d4 Nf6 2. c4 g6 3. Nc3 Bg7 4. e4 d6 5. Nf3 O-O 6. Be2 e5
7. O-O Na6 8. Re1 c6 9. Be3 Re8 10. Qc2 Ng4 11. Bg5 Qc7 12. d5
f6 13. Bd2 f5 14. dxc6 bxc6 15. Nh4 Bf6 16. Nf3 Bg7 17. Nh4
Qe7 18. g3 f4 19. c5 dxc5 20. Na4 Bh6 21. Ng2 Nb4 22. Qc1 Rd8
23. gxf4 exf4 24. Bxf4 Bxf4 25. Qxf4 Rf8 26. Qc1 Nxf2 27. Nxc5
Nh3+ 28. Kh1 Nf2+ 29. Kg1 Nh3+ 30. Kh1 Nf2+ 1/2-1/2

[Event "World Cup"]
[Site "Khanty-Mansiysk RUS"]
[Date "2019.09.11"]
[EventDate "2019.09.10"]
[Round "1.2"]
[Result "1/2-1/2"]
[White "Kacper Piorun"]
[Black "Nijat Abasov"]
[WhiteElo "2660"]
[BlackElo "2632"]
[PlyCount "62"]

1. e4 c5 2. Nf3 Nc6 3. Bb5 Nf6 4. Nc3 Nd4 5. e5 Nxb5 6. Nxb5
Nd5 7. O-O d6 8. exd6 a6 9. Nc3 Nxc3 10. dxe7 Bxe7 11. dxc3
Bf5 12. Bf4 Qxd1 13. Raxd1 Bxc2 14. Rd2 Bf5 15. Re1 Be6
16. Ng5 Bxg5 17. Bxg5 O-O 18. Be7 Rfe8 19. Bxc5 Bxa2 20. Rxe8+
Rxe8 21. Be7 Be6 22. Rd8 Rxd8 23. Bxd8 Kf8 24. Kf1 Ke8 25. Ba5
Kd7 26. Ke2 Kc6 27. Kd3 Kb5 28. Bc7 Ka4 29. Kc2 Bf5+ 30. Kc1
Kb3 31. h4 h5 1/2-1/2

[Event "World Cup"]
[Site "Khanty-Mansiysk RUS"]
[Date "2019.09.11"]
[EventDate "2019.09.10"]
[Round "1.2"]
[Result "1/2-1/2"]
[White "Evgeny Ilgizovich Bareev"]
[Black "Rustam Kasimdzhanov"]
[WhiteElo "2643"]
[BlackElo "2657"]
[PlyCount "64"]

1. c4 Nf6 2. Nc3 e5 3. g3 Bb4 4. e4 Bxc3 5. bxc3 O-O 6. Bg2 c6
7. Ne2 d5 8. cxd5 cxd5 9. exd5 Nxd5 10. O-O Nc6 11. Rb1 Nb6
12. d4 Be6 13. Ba3 Re8 14. dxe5 Bc4 15. Re1 Rxe5 16. Nf4 Bxa2
17. Ra1 Qxd1 18. Rexd1 Bc4 19. Bd6 Ree8 20. Bc5 Rac8 21. h4
Ba6 22. h5 h6 23. Rdb1 Ne5 24. Bd4 Nc6 25. Bc5 Ne5 26. Bd4 Nc6
27. Bxb6 axb6 28. Rxb6 Ne5 29. Nd5 Kf8 30. Rb4 Rc5 31. Rd4 Bc4
32. Nf4 Ba6 1/2-1/2

[Event "World Cup"]
[Site "Khanty-Mansiysk RUS"]
[Date "2019.09.11"]
[EventDate "2019.09.10"]
[Round "1.2"]
[Result "1-0"]
[White "Parham Maghsoodloo"]
[Black "Maksim Chigaev"]
[WhiteElo "2664"]
[BlackElo "2644"]
[PlyCount "73"]

1. d4 g6 2. e4 Bg7 3. Nc3 d6 4. Nf3 e6 5. Be2 Nd7 6. Bf4 Ne7
7. Qd2 h6 8. h4 b6 9. O-O Bb7 10. Rad1 a6 11. Rfe1 Qb8 12. a4
Qa7 13. e5 d5 14. Bf1 Qb8 15. Ne2 c5 16. c3 c4 17. Ng3 Qc7
18. Nh2 Nf5 19. Nxf5 gxf5 20. Be2 O-O-O 21. Nf1 Rdg8 22. Ng3
Qd8 23. b3 cxb3 24. c4 dxc4 25. Bxc4 Kb8 26. d5 Nc5 27. Qe3
Qxh4 28. a5 Bf8 29. Nxf5 Qg4 30. Ng3 b5 31. Be2 Qh4 32. d6 Na4
33. Rc1 Rg4 34. Rc7 Rxf4 35. Rec1 Rc4 36. R1xc4 bxc4 37. Bf3
1-0

[Event "World Cup"]
[Site "Khanty-Mansiysk RUS"]
[Date "2019.09.11"]
[EventDate "2019.09.10"]
[Round "1.2"]
[Result "1/2-1/2"]
[White "Alexandr Predke"]
[Black "Alexey Sarana"]
[WhiteElo "2657"]
[BlackElo "2651"]
[PlyCount "45"]

1. d4 Nf6 2. c4 e6 3. Nc3 Bb4 4. Qc2 d5 5. cxd5 exd5 6. Bg5 h6
7. Bh4 g5 8. Bg3 Nc6 9. e3 h5 10. f3 Qe7 11. O-O-O Qxe3+
12. Kb1 Nxd4 13. Rxd4 Qxd4 14. Bf2 Qf4 15. Bd3 c6 16. Nh3 Bxh3
17. Bg3 Qd4 18. Re1+ Be6 19. Bf2 Qf4 20. Bg3 Qd4 21. Bf2 Qf4
22. Bg3 Qd4 23. Bf2 1/2-1/2

[Event "World Cup"]
[Site "Khanty-Mansiysk RUS"]
[Date "2019.09.11"]
[EventDate "2019.09.10"]
[Round "1.2"]
[Result "1/2-1/2"]
[White "Anton Demchenko"]
[Black "Robert Hovhannisyan"]
[WhiteElo "2655"]
[BlackElo "2639"]
[PlyCount "83"]

1. d4 c5 2. d5 d6 3. e4 g6 4. Nf3 Nf6 5. Nc3 Bg7 6. Be2 O-O
7. O-O Na6 8. h3 Nc7 9. a4 a6 10. Bf4 Rb8 11. a5 b5 12. axb6
Rxb6 13. Rb1 Rb4 14. Bd3 Nb5 15. Bd2 Nd4 16. Nxd4 Rxd4 17. Ne2
Rxe4 18. Bxe4 Nxe4 19. Be3 a5 20. Re1 e5 21. dxe6 fxe6 22. Ng3
Nxg3 23. fxg3 Bb7 24. Qd2 Qb6 25. Rf1 Rf5 26. Rxf5 gxf5 27. c3
Qc6 28. Ra1 h5 29. Rf1 a4 30. Rf2 Kh7 31. Qd1 Kg6 32. g4 hxg4
33. hxg4 Be5 34. gxf5+ exf5 35. Qd2 Bf6 36. Bf4 d5 37. Qe3 d4
38. Qg3+ Kf7 39. Be5 Qe4 40. Bxf6 Kxf6 41. Qd6+ Kg5 42. Qg3+
1/2-1/2

[Event "World Cup"]
[Site "Khanty-Mansiysk RUS"]
[Date "2019.09.11"]
[EventDate "2019.09.10"]
[Round "1.2"]
[Result "1-0"]
[White "Constantin Lupulescu"]
[Black "Igor Viktorovich Kovalenko"]
[WhiteElo "2643"]
[BlackElo "2674"]
[PlyCount "113"]

1. e4 e5 2. Nf3 Nc6 3. d4 exd4 4. Nxd4 Bc5 5. Nb3 Bb4+ 6. c3
Be7 7. Bf4 d6 8. N1d2 Nf6 9. Be2 O-O 10. O-O Re8 11. Re1 Bf8
12. Bf1 Bg4 13. f3 Be6 14. Nd4 Nxd4 15. cxd4 c6 16. Be3 a5
17. a4 g6 18. Bd3 Bg7 19. Qe2 Kh8 20. Qf2 Ng8 21. Nf1 Ne7
22. g4 Qd7 23. Ng3 Rg8 24. Kh1 Raf8 25. Bd2 Qd8 26. Re2 Qb6
27. Bc3 Rc8 28. h4 d5 29. h5 Bh6 30. Rg1 Bf4 31. Ree1 Qc7
32. Ne2 gxh5 33. Nxf4 Qxf4 34. Bd2 Qc7 35. Qh4 Rg7 36. gxh5
Ng8 37. Rxg7 Kxg7 38. exd5 Bxd5 39. Qg4+ Kh8 40. Bf4 Qd8
41. Rg1 Bxf3+ 42. Qxf3 Qxd4 43. Qe4 Qxe4+ 44. Bxe4 Re8 45. Bf3
f6 46. Rd1 h6 47. Kg1 Ne7 48. Bxh6 b5 49. Kf2 Nf5 50. Bc1 bxa4
51. Bxc6 Rc8 52. Bxa4 Rc4 53. Bb3 Rc7 54. Bf4 Rb7 55. Rd8+ Kg7
56. Rg8+ Kh7 57. Rb8 1-0

[Event "World Cup"]
[Site "Khanty-Mansiysk RUS"]
[Date "2019.09.11"]
[EventDate "2019.09.10"]
[Round "1.2"]
[Result "0-1"]
[White "Benjamin Gledura"]
[Black "Evgeny Najer"]
[WhiteElo "2654"]
[BlackElo "2635"]
[PlyCount "74"]

1. Nf3 d5 2. c4 d4 3. b4 c5 4. a3 Qc7 5. d3 e5 6. g3 cxb4
7. Bg2 Nc6 8. O-O Nf6 9. Qa4 Nd7 10. axb4 Bxb4 11. Nxd4 Nxd4
12. Qxb4 Nxe2+ 13. Kh1 Nxc1 14. Rxc1 Qc5 15. Qd2 O-O 16. f4
Qd4 17. Nc3 Nc5 18. Nb5 Qd8 19. Rc3 exf4 20. Qxf4 Nxd3 21. Qe3
Bf5 22. Bxb7 Rb8 23. Bg2 a6 24. Rf1 Bg6 25. Nd4 Re8 26. Qg1
Rb2 27. Rc2 Rxc2 28. Nxc2 Nb2 29. Ne3 Qd2 30. Nd5 Nxc4 31. Qc5
Ne3 32. Nxe3 Qxe3 33. Qxe3 Rxe3 34. Ra1 Re5 35. Rxa6 Re1+
36. Bf1 Be4+ 37. Kg1 Rxf1+ 0-1

[Event "World Cup"]
[Site "Khanty-Mansiysk RUS"]
[Date "2019.09.11"]
[EventDate "2019.09.10"]
[Round "1.2"]
[Result "0-1"]
[White "Grigoriy Oparin"]
[Black "Sergei Movsesian"]
[WhiteElo "2654"]
[BlackElo "2654"]
[PlyCount "90"]

1. d4 Nf6 2. c4 e6 3. g3 Bb4+ 4. Nd2 a5 5. Bg2 d5 6. Nf3 O-O
7. O-O b6 8. Ne5 Bb7 9. Qc2 Be7 10. Rd1 Na6 11. cxd5 Nb4
12. Qb1 exd5 13. a3 Nc6 14. Ndc4 Ne4 15. Ne3 Na7 16. Nf5 Bf6
17. Bf4 Nb5 18. Qc2 Nbd6 19. Nxd6 cxd6 20. Ng4 Be7 21. h4 Qd7
22. Ne3 Rfc8 23. Qd3 Qc6 24. Nf5 Bf8 25. Rdc1 Qe8 26. Ne3 a4
27. f3 Rxc1+ 28. Rxc1 Ba6 29. Qd1 Nxg3 30. Bxg3 Qxe3+ 31. Bf2
Qe8 32. e3 Bc4 33. f4 b5 34. Qh5 Qe6 35. Kh2 Rb8 36. Bh3 Qf6
37. Be1 Re8 38. Bd2 Be7 39. Qg5 Qxd4 40. exd4 Bxg5 41. hxg5
Re2+ 42. Kg3 Rxd2 43. Re1 g6 44. Re8+ Kg7 45. Re7 Rd3+ 0-1

[Event "World Cup"]
[Site "Khanty-Mansiysk RUS"]
[Date "2019.09.12"]
[EventDate "2019.09.10"]
[Round "1.3"]
[Result "1-0"]
[White "M Amin Tabatabaei"]
[Black "Bassem Amin"]
[WhiteElo "2642"]
[BlackElo "2699"]
[PlyCount "79"]

1. d4 Nf6 2. c4 g6 3. Nc3 Bg7 4. e4 d6 5. Nf3 O-O 6. Be2 e5
7. O-O Na6 8. Be3 c6 9. d5 c5 10. Ne1 Ne8 11. a3 f5 12. f3 f4
13. Bf2 g5 14. Nd3 Bd7 15. b4 b6 16. Rb1 h5 17. Kh1 Rf6
18. Rg1 Kh7 19. g3 fxg3 20. Rxg3 Bh6 21. Be3 Rg6 22. Qd2 h4
23. Rg2 Ng7 24. Rbg1 Nh5 25. f4 Nxf4 26. Bxf4 exf4 27. Nxf4 g4
28. Bxg4 Rxg4 29. Rxg4 Bxg4 30. Rxg4 Qf6 31. e5 Qf5 32. Qd3
Rf8 33. Ne4 dxe5 34. Ne6 Qf1+ 35. Qxf1 Rxf1+ 36. Kg2 Rf5
37. bxc5 Nxc5 38. N4xc5 bxc5 39. d6 Rf7 40. Nxc5 1-0

[Event "World Cup"]
[Site "Khanty-Mansiysk RUS"]
[Date "2019.09.12"]
[EventDate "2019.09.10"]
[Round "1.3"]
[Result "1/2-1/2"]
[White "Michael Adams"]
[Black "Chithambaram V R Aravindh"]
[WhiteElo "2694"]
[BlackElo "2609"]
[PlyCount "77"]

1. e4 e5 2. Nf3 Nc6 3. Bb5 a6 4. Ba4 Nf6 5. O-O Nxe4 6. d4 b5
7. Bb3 d5 8. dxe5 Be6 9. Be3 Be7 10. c3 O-O 11. Nbd2 Bg4
12. Nxe4 dxe4 13. Qd5 Qxd5 14. Bxd5 exf3 15. Bxc6 fxg2
16. Rfe1 Rad8 17. a4 b4 18. a5 f6 19. Bb7 Bc8 20. Bxc8 Rxc8
21. exf6 gxf6 22. Bd2 bxc3 23. Bxc3 Kf7 24. Ra4 Bd6 25. Rh4
Kg6 26. Kxg2 Rb8 27. Kf3 Rb5 28. Ree4 Rfb8 29. h3 h5 30. Rc4
Rf5+ 31. Ke2 Be5 32. b4 Bxc3 33. Rxc3 Re8+ 34. Kf1 Rd8 35. Ke2
Re8+ 36. Kf1 Rd8 37. Re4 Rd2 38. Re2 Rd1+ 39. Kg2 1/2-1/2

[Event "World Cup"]
[Site "Khanty-Mansiysk RUS"]
[Date "2019.09.12"]
[EventDate "2019.09.10"]
[Round "1.3"]
[Result "0-1"]
[White "Anton Korobov"]
[Black "Abhijeet Gupta"]
[WhiteElo "2679"]
[BlackElo "2609"]
[PlyCount "66"]

1. d4 Nf6 2. Nf3 g6 3. Nbd2 d5 4. e3 Bg7 5. b4 O-O 6. Bb2 c6
7. a4 Bf5 8. c4 Ne4 9. Qb3 Nxd2 10. Nxd2 Nd7 11. cxd5 cxd5
12. Qxd5 e5 13. Be2 Qe7 14. O-O Rfd8 15. Qf3 exd4 16. exd4 Nf6
17. Bc4 Qxb4 18. Bc3 Qe7 19. Rfe1 Qd7 20. h3 h5 21. Re5 Rac8
22. Bb2 Bh6 23. Bb5 Qc7 24. Rxf5 gxf5 25. d5 Rxd5 26. Bxf6
Rxd2 27. Qxf5 Qc5 28. Qxc5 Rxc5 29. Re1 Bg7 30. Bh4 a6 31. Bf1
Rd4 32. Bg3 h4 33. Bb8 Rc8 0-1

[Event "World Cup"]
[Site "Khanty-Mansiysk RUS"]
[Date "2019.09.12"]
[EventDate "2019.09.10"]
[Round "1.3"]
[Result "1/2-1/2"]
[White "Sunilduth Lyna Narayanan"]
[Black "David Anton Guijarro"]
[WhiteElo "2611"]
[BlackElo "2674"]
[PlyCount "110"]

1. e4 e5 2. Nf3 Nc6 3. Bb5 Nf6 4. d3 Bc5 5. Bxc6 dxc6 6. Nbd2
Nd7 7. Nc4 O-O 8. Ne3 Re8 9. g4 Bxe3 10. Bxe3 Nf8 11. Rg1 Qd6
12. Qd2 a5 13. Nh4 Ne6 14. Nf5 Qb4 15. c3 Qb5 16. O-O-O c5
17. f4 exf4 18. Bxf4 a4 19. a3 Qc6 20. Be5 Ra6 21. Rdf1 Qd7
22. Nh6+ gxh6 23. Qxh6 f6 24. Bxf6 Qxd3 25. Rf5 Qxe4 26. Rgf1
Qd3 27. Rg5+ Kf7 28. Qh5+ Kf8 29. Bg7+ Ke7 30. Qf7+ Kd6
31. Rd1 Qxd1+ 32. Kxd1 Nxg5 33. Qxe8 Bxg4+ 34. Kc1 Ne6 35. Bf6
c4 36. Be7+ Ke5 37. Qb5+ Kf4 38. Qxc4+ Kf5 39. Qd3+ Kf4
40. Qg3+ Kf5 41. Qd3+ Kf4 42. Qxh7 Ra5 43. h3 Bf5 44. Qh4+ Kf3
45. Qb4 Re5 46. Qxb7+ Kf4 47. Bh4 Re2 48. Qb4+ Kf3 49. Qb7+
Be4 50. Qb4 Nf4 51. Qf8 Rc2+ 52. Kd1 Rxb2 53. Bg5 Rb1+ 54. Kd2
Rb2+ 55. Kc1 Rb1+ 1/2-1/2

[Event "World Cup"]
[Site "Khanty-Mansiysk RUS"]
[Date "2019.09.12"]
[EventDate "2019.09.10"]
[Round "1.3"]
[Result "0-1"]
[White "Sethuraman P Sethuraman"]
[Black "Tamir Nabaty"]
[WhiteElo "2624"]
[BlackElo "2658"]
[PlyCount "118"]

1. d4 d5 2. c4 dxc4 3. e4 c5 4. d5 Nf6 5. Nc3 e6 6. Bxc4 exd5
7. Nxd5 Be6 8. Nxf6+ Qxf6 9. Bb5+ Bd7 10. Bxd7+ Nxd7 11. Nf3
Qa6 12. Qe2 Qxe2+ 13. Kxe2 Be7 14. Rd1 O-O-O 15. Be3 Bf6
16. Rab1 Rhe8 17. Nd2 b5 18. f4 Kb7 19. e5 Be7 20. Ne4 g5
21. fxg5 Kc6 22. Rbc1 c4 23. Nd6 Nxe5 24. Nxe8 Rxe8 25. Kf1
Ng4 26. Bf4 f6 27. gxf6 Bxf6 28. b3 Be5 29. Bxe5 Ne3+ 30. Ke2
Nxd1 31. Kxd1 Rxe5 32. bxc4 b4 33. Kd2 Ra5 34. Rc2 Kc5 35. Kd3
Ra3+ 36. Ke4 a5 37. g4 Rh3 38. g5 a4 39. Kf5 b3 40. axb3 axb3
41. Rf2 Kxc4 42. Kg4 Rd3 43. h4 Rd4+ 44. Kh5 Kc3 45. Rf3+ Kb4
46. Rf7 b2 47. Rxh7 Kb3 48. Rb7+ Rb4 49. Rxb4+ Kxb4 50. Kh6
b1=Q 51. g6 Qc1+ 52. Kh5 Qc5+ 53. Kh6 Qe3+ 54. Kh5 Qe5+
55. Kh6 Qh8+ 56. Kg5 Kc5 57. h5 Kd6 58. h6 Qe5+ 59. Kg4 Ke6
0-1

[Event "World Cup"]
[Site "Khanty-Mansiysk RUS"]
[Date "2019.09.12"]
[EventDate "2019.09.10"]
[Round "1.3"]
[Result "1/2-1/2"]
[White "Vladimir Fedoseev"]
[Black "Surya Shekhar Ganguly"]
[WhiteElo "2664"]
[BlackElo "2658"]
[PlyCount "69"]

1. e4 c5 2. Nf3 d6 3. d4 cxd4 4. Nxd4 Nf6 5. Nc3 a6 6. Be2 e5
7. Nb3 Be7 8. O-O O-O 9. Be3 Be6 10. Qd3 Nbd7 11. Nd5 Bxd5
12. exd5 h5 13. Kh1 Ng4 14. Bxg4 hxg4 15. f3 Nf6 16. f4 exf4
17. Rxf4 Qd7 18. Raf1 Rae8 19. c4 Nh7 20. R4f2 Bh4 21. g3 Bg5
22. Bd4 Nf6 23. Nd2 Bxd2 24. Bxf6 Be3 25. Re2 Bb6 26. Bg5 Rxe2
27. Qxe2 Re8 28. Qd3 Re5 29. Bf4 Re7 30. b4 a5 31. a3 Ba7
32. Bg5 Re5 33. Bf4 Re7 34. Bg5 Re5 35. Bf4 1/2-1/2

[Event "World Cup"]
[Site "Khanty-Mansiysk RUS"]
[Date "2019.09.12"]
[EventDate "2019.09.10"]
[Round "1.3"]
[Result "1/2-1/2"]
[White "Mircea-Emilian Parligras"]
[Black "Liviu Dieter Nisipeanu"]
[WhiteElo "2629"]
[BlackElo "2656"]
[PlyCount "51"]

1. e4 e6 2. d4 d5 3. Nc3 Nf6 4. e5 Nfd7 5. Nce2 c5 6. c3 Nc6
7. Nf3 Be7 8. a3 O-O 9. Nf4 Qa5 10. Be3 Nxd4 11. Nxd4 cxd4
12. Bxd4 Qc7 13. Qh5 Nc5 14. Rd1 f6 15. Bd3 Nxd3+ 16. Rxd3
fxe5 17. Bxe5 Bd6 18. Rh3 h6 19. Nd3 Rf5 20. Qe8+ Rf8 21. Qh5
Rf5 22. Qe8+ Rf8 23. Qh5 Rf5 24. Qe8+ Rf8 25. Qh5 Rf5 26. Qe8+
1/2-1/2

[Event "World Cup"]
[Site "Khanty-Mansiysk RUS"]
[Date "2019.09.12"]
[EventDate "2019.09.10"]
[Round "1.3"]
[Result "1-0"]
[White "Sanan Sjugirov"]
[Black "Sandro Mareco"]
[WhiteElo "2662"]
[BlackElo "2633"]
[PlyCount "87"]

1. d4 Nf6 2. c4 e6 3. Nf3 b6 4. g3 Ba6 5. Qc2 Bb7 6. Bg2 c5
7. dxc5 Bxc5 8. O-O Be7 9. Nc3 Na6 10. e4 Rc8 11. Qe2 Nc5
12. Nd4 d6 13. Rd1 Qc7 14. Bf4 e5 15. Nf5 exf4 16. Nb5 Qb8
17. Nbxd6+ Bxd6 18. Nxd6+ Kf8 19. e5 Ne8 20. Bxb7 Nxb7
21. Nxc8 Qxc8 22. Rd4 fxg3 23. hxg3 h5 24. Rad1 h4 25. gxh4
Rh6 26. Qf3 Nc5 27. b4 Na4 28. c5 Qe6 29. c6 Nb2 30. Rc1 Qxe5
31. Qe3 Rg6+ 32. Kh1 Qb8 33. Rd7 Re6 34. Qf3 Rf6 35. Qg3 Qc8
36. b5 a6 37. Qa3+ Kg8 38. Qxb2 axb5 39. Qxb5 Qb8 40. c7 Qa8+
41. Qd5 Qa4 42. Qd4 Qa3 43. Qe3 Qa8+ 44. Kh2 1-0

[Event "World Cup"]
[Site "Khanty-Mansiysk RUS"]
[Date "2019.09.12"]
[EventDate "2019.09.10"]
[Round "1.3"]
[Result "1-0"]
[White "Benjamin Bok"]
[Black "Ivan Saric"]
[WhiteElo "2640"]
[BlackElo "2667"]
[PlyCount "55"]

1. d4 d5 2. c4 c6 3. Nf3 Nf6 4. Nc3 e6 5. Bg5 h6 6. Bh4 dxc4
7. e4 g5 8. Bg3 b5 9. Be2 Bb7 10. Qc2 Nbd7 11. Rd1 Nh5 12. d5
exd5 13. exd5 Nxg3 14. hxg3 cxd5 15. Nxd5 Bg7 16. Ne3 Qa5+
17. Kf1 Rd8 18. Nf5 Kf8 19. Rd6 Bxf3 20. gxf3 Ne5 21. Qc3 Qc7
22. Rxd8+ Qxd8 23. Nxg7 Kxg7 24. Qxe5+ Qf6 25. Qxb5 h5 26. Qb4
Re8 27. Qc3 Qxc3 28. bxc3 1-0

[Event "World Cup"]
[Site "Khanty-Mansiysk RUS"]
[Date "2019.09.12"]
[EventDate "2019.09.10"]
[Round "1.3"]
[Result "1-0"]
[White "Nijat Abasov"]
[Black "Kacper Piorun"]
[WhiteElo "2632"]
[BlackElo "2660"]
[PlyCount "87"]

1. d4 Nf6 2. c4 e6 3. Nf3 d5 4. g3 Be7 5. Bg2 O-O 6. O-O Nbd7
7. Qc2 c6 8. Rd1 b6 9. b3 Bb7 10. Nc3 Ba6 11. e4 dxc4 12. e5
Nd5 13. bxc4 Bxc4 14. Ne4 b5 15. Neg5 g6 16. h4 Qe8 17. h5 h6
18. Ne4 g5 19. Re1 f5 20. exf6 N7xf6 21. Ne5 Qxh5 22. Nxf6+
Bxf6 23. Nxc4 bxc4 24. Qxc4 Qf7 25. Re2 Rac8 26. Ba3 Rfe8
27. Rae1 g4 28. Bc5 Kg7 29. a4 h5 30. Re4 Bg5 31. Bd6 Be7
32. Be5+ Bf6 33. Qc5 Bxe5 34. Rxe5 Rf8 35. R1e2 h4 36. Rg5+
Kh8 37. Rxg4 hxg3 38. fxg3 Qf5 39. Rh4+ Kg7 40. Qc1 Rh8
41. Be4 Rxh4 42. Bxf5 Rh5 43. Bxe6 Rch8 44. Bxd5 1-0

[Event "World Cup"]
[Site "Khanty-Mansiysk RUS"]
[Date "2019.09.12"]
[EventDate "2019.09.10"]
[Round "1.3"]
[Result "0-1"]
[White "Alexey Sarana"]
[Black "Alexandr Predke"]
[WhiteElo "2651"]
[BlackElo "2657"]
[PlyCount "128"]

1. d4 Nf6 2. Nf3 d5 3. c4 e6 4. Nc3 Bb4 5. Bg5 h6 6. Bxf6 Qxf6
7. Qb3 Bxc3+ 8. Qxc3 c6 9. e3 O-O 10. Bd3 Nd7 11. cxd5 exd5
12. O-O Nb6 13. Ne5 Bf5 14. a4 Bxd3 15. Qxd3 Qd6 16. Qb3 Rab8
17. Rfc1 Nd7 18. Nd3 Rfc8 19. Qa3 Qxa3 20. Rxa3 a5 21. b4 axb4
22. Rb3 Nb6 23. Rxb4 Nc4 24. Nc5 b6 25. Nd7 Rb7 26. Ne5 c5
27. Rb3 Ra7 28. Nxc4 cxd4 29. exd4 Rxa4 30. Rxb6 Raxc4
31. Rxc4 Rxc4 32. Kf1 Rxd4 33. Rb8+ Kh7 34. Rd8 Kg6 35. Ke2
Kf6 36. Ke3 Rd1 37. Ke2 Rd4 38. Ke3 Re4+ 39. Kd3 Re5 40. Rd6+
Ke7 41. Ra6 h5 42. g3 g5 43. h3 f6 44. Kd4 Kf7 45. Ra2 Kg6
46. Rb2 Kf5 47. Ra2 h4 48. Rb2 Re1 49. gxh4 Re4+ 50. Kxd5 Rxh4
51. Rb3 Rf4 52. Rb2 Rf3 53. Kd6 Rxh3 54. Rb5+ Kg6 55. Ke7 Rf3
56. Rb2 g4 57. Ke6 f5 58. Ke5 Kg5 59. Ra2 Kh4 60. Kf6 Kh3
61. Kg5 Kg2 62. Kh4 Rxf2 63. Ra3 Kh2 64. Rb3 g3 0-1